000 00736nam a2200229 i 4500
001 bgj
100 1 _aRADLEY, Paul
245 1 0 _aHorizons :
_bstudent's book : podręcznik dla liceum ogólnokształcącego, liceum profilowanego oraz technikum /
_cPaul Radley [et al.].
260 _aOxford :
_bOxford University Press,
_c2005.
300 _a111 pp :
_bill. ;
_c30 cm.
650 9 _aEnglish language
655 _aTextbooks for foreigners
700 1 _aSIMONS, Daniela.
_eco-author
700 1 _aCAMPBELL, Colin.
_eco-author
700 1 _aWIERUSZEWSKA, Małgorzata.
_eco-author
020 _a0194387062
040 _cBPK
041 0 _aeng
920 _a0-19-438706-2
942 _cKS
008 s uk f |000 0 eng
999 _c48981
_d48981